Software patents (Record no. 67814)

MARC details
000 -LEADER
fixed length control field 00582nam a2200193 4500
008 - FIXED-LENGTH DATA ELEMENTS--GENERAL INFORMATION
fixed length control field 251014b |||||||| |||| 00| 0 eng d
020 ## - INTERNATIONAL STANDARD BOOK NUMBER
International Standard Book Number 0-7355-1499-2
Qualifying information Original ISBN
020 ## - INTERNATIONAL STANDARD BOOK NUMBER
Field link and sequence number 978-81-89960-64-3
Qualifying information Indian Reprint ISBN
040 ## - CATALOGING SOURCE
Original cataloging agency National Science Library
Transcribing agency National Science Library
080 ## - UNIVERSAL DECIMAL CLASSIFICATION NUMBER
Universal Decimal Classification number 347.77:681.3.06
Item number P7
100 ## - MAIN ENTRY--PERSONAL NAME
Personal name Stobbs, Gregory A.
245 ## - TITLE STATEMENT
Title Software patents
250 ## - EDITION STATEMENT
Edition statement 2nd ed.
260 ## - PUBLICATION, DISTRIBUTION, ETC.
Place of publication, distribution, etc. New Delhi:
Name of publisher, distributor, etc. Wolters Kluwe India Pvt. Ltd.
Date of publication, distribution, etc. 2007
300 ## - PHYSICAL DESCRIPTION
Extent xxxi, 370p.
650 ## - SUBJECT ADDED ENTRY--TOPICAL TERM
Topical term or geographic name entry element E-commerce
942 ## - ADDED ENTRY ELEMENTS (KOHA)
Source of classification or shelving scheme Universal Decimal Classification
Koha item type Books
Holdings
Withdrawn status Lost status Source of classification or shelving scheme Materials specified (bound volume or other part) Damaged status Not for loan Home library Current library Shelving location Date acquired Total Checkouts Full call number Barcode Date last seen Price effective from Koha item type
    Universal Decimal Classification 2nd ed.     National Science Library National Science Library GF/Rk-10/C-23/R-3 28/05/2008   347.77:681.3.06 P7 250178 14/10/2025 28/05/2008 Books